|
|
|
|
| LEADER |
00000nam0a2200000 4500 |
| 001 |
309907 |
| 005 |
20231102002233.0 |
| 035 |
|
|
|a (RuTPU)RU\TPU\book\335246
|
| 090 |
|
|
|a 309907
|
| 100 |
|
|
|a 20151118d1981 k y0rusy50 ca
|
| 101 |
0 |
|
|a rus
|
| 102 |
|
|
|a RU
|
| 105 |
|
|
|a a z 001zy
|
| 200 |
1 |
|
|a Научные основы создания комплексов оборудования и агрегатов для добычи угля
|e научные сообщения
|f Академия наук СССР (АН СССР), Институт горного дела им. А. А. Скочинского (ИГД) ; под ред. Ю. Ф. Пономаренко
|
| 210 |
|
|
|a Москва
|c Изд-во ИГД
|d 1981
|
| 215 |
|
|
|a 98 с.
|c ил.
|
| 225 |
1 |
|
|a Научные сообщения ИГД им. А. А. Скочинского
|v Вып. 201
|
| 320 |
|
|
|a Библиогр. в конце ст.
|
| 606 |
1 |
|
|a Горные машины выемочные
|x Эксплуатация
|2 stltpush
|3 (RuTPU)RU\TPU\subj\7912
|9 35427
|
| 610 |
1 |
|
|a горное оборудование
|
| 610 |
1 |
|
|a угледобывающие комплексы
|
| 610 |
1 |
|
|a агрегаты
|
| 610 |
1 |
|
|a струговые установки
|
| 610 |
1 |
|
|a гидроклапаны
|
| 610 |
1 |
|
|a гидропневмоаккумуляторы
|
| 610 |
1 |
|
|a гидромеханические муфты
|
| 610 |
1 |
|
|a уплотнения
|
| 610 |
1 |
|
|a тяговые цепи
|
| 610 |
1 |
|
|a струевые резцы
|
| 675 |
|
|
|a 622.232.8
|v 4
|
| 702 |
|
1 |
|a Пономаренко
|b Ю. Ф.
|4 340
|
| 712 |
0 |
2 |
|a Академия наук СССР (АН СССР)
|b Институт горного дела им. А. А. Скочинского (ИГД)
|c (Люберцы)
|2 stltpush
|3 (RuTPU)RU\TPU\col\11351
|
| 801 |
|
1 |
|a RU
|b 63413507
|c 20151118
|
| 801 |
|
2 |
|a RU
|b 63413507
|c 20190917
|g RCR
|
| 942 |
|
|
|c BK
|